000 00677cam a22002413a 4500
001 16606
003 PGUSA
005 20140828083344.0
008 050827s2005||||xxu|||||s|||||000 | eng d
040 _aPGUSA
_beng
042 _adc
050 4 _aHV
100 1 _aPitman, Emma Raymond
245 1 0 _aElizabeth Fry
_h[electronic resource] /
_cEmma Raymond Pitman
260 _bProject Gutenberg,
_c2005
506 _aPublic domain in the USA.
516 _aElectronic text
653 _aFry, Elizabeth Gurney, 1780-1845
653 _aPrison reformers -- Biography
830 0 _aProject Gutenberg
_v16606
856 4 0 _uhttp://www.gutenberg.org/ebooks/16606
942 _cEB
999 _c245861
_d245861